000 00545nam a2200193 a 4500
005 20210219153536.0
008 991125n 000 0 spa u
035 _aUPN01000105580
222 0 _aEDUCACION Y CULTURA :
_bREVISTA DEL CENTRO DE ESTUDIOS DE INVESTIGACION DOCENTES DE LA FEDERACION COLOMBIANA DE EDUCADORES
245 0 _a¿Enseñar filosofía?
300 _a59-63
362 _a1993 32
653 0 _aAPRENDIZAJE
653 0 _aAULA
653 0 _aENSEÑANZA
653 0 _aFILOSOFIA
904 _aAC
_b043391
905 _aArticulo
999 _c79534
_d79534